| 000 | 00963nam a2200229 u 4500 | ||
|---|---|---|---|
| 001 | 000003746 | ||
| 005 | 20240430111442.0 | ||
| 008 | 090713s1996 dr a 000 0 spa d | ||
| 020 | _a8489548277 | ||
| 040 |
_aDO-SdBNP _bspa _cBNPHU |
||
| 082 |
_a320.9 _bV422a |
||
| 100 | 1 |
_aVega, Bernardo, _d1938 - _93222 |
|
| 245 | 1 | 3 |
_aLa agenda pendiente : _breformas, geopolítica y frustración; artículos y conferencias 1990-1995. / _cBernardo Vega; prólogo José Luis Alemán;. |
| 260 |
_aSanto Domingo : _bFundación cultural dominicana, _c1996. |
||
| 300 |
_a358p. : _bil. ; _c24 cm. |
||
| 500 | _aIncluye datos biográficos del autor | ||
| 500 | _aIncluye publicaciones de la fundación cultural dominicana. | ||
| 651 | 4 |
_aRepública Dominicana _xPolitíca Y Gobierno _xEnsayos, Conferencias, Etc. _91167 |
|
| 651 | 4 |
_aRepública Dominicana _xPolitíca Económica _9643 |
|
| 651 | 4 |
_aRepública Dominicana _xHistoria _9170 |
|
| 700 | 1 |
_aAlemán, José Luis, _epról. _97046 |
|
| 999 |
_c3568 _d3568 |
||